Loading...
| Fine Arts - Other | 0 | 8 | 0 | 0 | 80 | 118 | 119.50 | 0 | 4 | 1.61 | 13.00 |
| Fine Arts - Visual | 0 | 4 | 0 | 0 | 40 | 126 | 126.00 | 0 | 0 | 0.67 | 1.00 |
| Pop Culture | 0 | 4 | 0 | 0 | 40 | 103 | 103.00 | 0 | 0 | 27.46 | 50.00 |
| Geography/Current Events | 0 | 4 | 0 | 4 | 40 | 117 | 117.00 | 0 | 0 | 0.00 | 1.67 |
| Literature - World/Other | 0 | 4 | 0 | 0 | 40 | 81 | 81.00 | 0 | 0 | 4.41 | 4.00 |
| Religion | 0 | 4 | 0 | 0 | 40 | 98 | 98.00 | 0 | 0 | 1.17 | 5.00 |
| Fine Arts - Classical Music | 0 | 4 | 4 | 0 | 20 | 110 | 110.00 | 0 | 0 | 2.25 | 4.00 |
| Social Science | 0 | 0 | 0 | 0 | 0 | 0.00 | 0 | 0 | 0.00 | 0.00 | |
| Mythology | 0 | 0 | 4 | 0 | -20 | 0.00 | 0 | 0 | 0.00 | 0.00 | |
| Literature - European | 0 | 0 | 4 | 0 | -20 | 0.00 | 0 | 0 | 0.00 | 0.00 | |
| History - World | 0 | 0 | 4 | 0 | -20 | 0.00 | 0 | 0 | 0.00 | 0.00 |